Regulácia a jej vplyv na ekonomické postavenie bánk diplomová práca

Enregistré dans:
Détails bibliographiques
Auteur principal: Mikulášková, Petronela
Collectivité auteur: Národohospodárska fakulta EU. Katedra bankovníctva a medzinárodných financií
Autres auteurs: Tkáčová, Daniela, 1954-
Format: Livre
Langue:slovaque
Publié: Bratislava 2019
Tags: Ajouter un tag
Pas de tags, Soyez le premier à ajouter un tag!

MARC

LEADER 00000nbm a2200000 4500
001 0254985
005 20190814143213.6
041 0 |a slo 
044 |a SK 
245 1 0 |a Regulácia a jej vplyv na ekonomické postavenie bánk  |b diplomová práca  |c Petronela Mikulášková ; školiteľ: Daniela Tkáčová 
264 1 |a Bratislava  |c 2019 
300 |a 70 s. 
100 1 |a Mikulášková, Petronela 
700 1 |a Tkáčová, Daniela, 1954- 
710 2 |a Národohospodárska fakulta EU. Katedra bankovníctva a medzinárodných financií